[Event "ch-Frankfurt A"]
[Site "Frankfurt"]
[Date "2023.05.15"]
[Round "3"]
[White "Schulze, Manfred"]
[Black "Manasek, Martin"]
[Result "1-0"]
[WhiteElo "1887"]
[BlackElo "1519"]
[PlyCount "99"]
[EventDate "2023.04.24"]
[EventType "swiss"]
[EventCountry "GER"]

1. e4 c6 2. d4 d5 3. Nc3 dxe4 4. Bc4 e6 5. Nxe4 Nf6 6. Bg5 Be7 7. Bxf6 Bxf6 8. c3 O-O 9. h4 b5 10. Bd3 Nd7 11. Nf3 Nb6 12. Nfg5 h6 13. Nxf6+ Qxf6 14. Nh7 Qd8 15. Nxf8 Qxf8 16. Qf3 Bb7 17. Qe4 g6 18. h5 Qg7 19. hxg6 Nd5 20. gxf7+ Kxf7 21. Rh3 Ke7 22. Rg3 Qf7 23. Qe5 Rg8 24. Rxg8 Qxg8 25. O-O-O Qg5+ 26. Qxg5+ hxg5 27. g3 Kd6 28. Rh1 c5 29. Rh7 Bc6 30. dxc5+ Kxc5 31. Rxa7 Kb6 32. Rg7 b4 33. c4 Nf6 34. Rxg5 Nd7 35. f4 Nc5 36. Bc2 Bd7 37. Re5 Kc6 38. g4 Kd6 39. g5 Be8 40. Re3 Bf7 41. g6 Bg8 42. Rh3 Nd7 43. Bd3 Ke7 44. Kc2 Nc5 45. Rh5 Nd7 46. Rb5 Nf6 47. Rxb4 Nh5 48. c5 e5 49. fxe5 Bd5 50. Rh4 1-0

[Event "ch-Frankfurt A"]
[Site "Frankfurt"]
[Date "2023.05.15"]
[Round "3"]
[White "Sonntag, Chris"]
[Black "Klingler, Stefan"]
[Result "1-0"]
[WhiteElo "1142"]
[BlackElo "1578"]
[PlyCount "45"]
[EventDate "2023.04.24"]
[EventType "swiss"]
[EventCountry "GER"]

1. d4 d6 2. c4 e6 3. Nc3 b6 4. e4 Bb7 5. Nf3 Ne7 6. Be2 h6 7. O-O Nd7 8. Bf4 g5 9. Bg3 Bg7 10. Rc1 f5 11. exf5 Nxf5 12. Re1 Qf6 13. Nb5 Kd8 14. c5 Bd5 15. cxd6 g4 16. dxc7+ Ke7 17. Ne5 Nxg3 18. hxg3 Nxe5 19. dxe5 Qxe5 20. Bxg4 Qg5 21. Bxe6 Be5 22. Qxd5 Bxc7 23. Qd7+ 1-0

[Event "ch-Frankfurt A"]
[Site "Frankfurt"]
[Date "2023.05.15"]
[Round "3"]
[White "Uwira, Oliver"]
[Black "Dittenberger, Thomas"]
[Result "1-0"]
[WhiteElo "2166"]
[BlackElo "2010"]
[PlyCount "71"]
[EventDate "2023.04.24"]
[EventType "swiss"]
[EventCountry "GER"]

1. d4 d5 2. c4 e6 3. Nc3 Nf6 4. Nf3 Be7 5. Bf4 O-O 6. e3 b6 7. Qc2 c5 8. dxc5 bxc5 9. Rd1 Qa5 10. Be2 Bb7 11. O-O Nc6 12. a3 Rfd8 13. Nb5 Rd7 14. Ne5 Nxe5 15. Bxe5 Rad8 16. b4 Qb6 17. bxc5 Bxc5 18. Nd4 Bxa3 19. Rb1 Qc5 20. Rb5 Qe7 21. c5 Bxc5 22. Qxc5 Ne4 23. Qxe7 Rxe7 24. Rfb1 Ba8 25. Rb8 Ree8 26. Rxd8 Rxd8 27. Bc7 Nc3 28. Ra1 Rc8 29. Rxa7 f6 30. Ba6 Re8 31. f3 e5 32. Nf5 Bc6 33. Ba5 Nb5 34. Rxg7+ Kh8 35. Rf7 d4 36. Rxf6 1-0

[Event "ch-Frankfurt A"]
[Site "Frankfurt"]
[Date "2023.05.15"]
[Round "3"]
[White "van den Borg, Christiane"]
[Black "Klikic, Drazen"]
[Result "1/2-1/2"]
[WhiteElo "1693"]
[BlackElo "1499"]
[PlyCount "63"]
[EventDate "2023.04.24"]
[EventType "swiss"]
[EventCountry "GER"]

1. d4 d5 2. c4 e6 3. Nf3 Nf6 4. Bg5 a6 5. cxd5 exd5 6. e3 Be7 7. Bd3 Nbd7 8. O-O Ne4 9. Bxe7 Qxe7 10. Nbd2 Ndf6 11. Rb1 O-O 12. Qc2 c6 13. b4 Bd7 14. Ne5 Nxd2 15. Qxd2 Rae8 16. a4 Ng4 17. Nxd7 Qxd7 18. h3 Nf6 19. b5 axb5 20. axb5 Ne4 21. Bxe4 Rxe4 22. bxc6 bxc6 23. Rb6 f5 24. Rc1 Re6 25. Qc2 Rff6 26. Rb8+ Re8 27. Rxe8+ Qxe8 28. Qd2 Qe4 29. f3 Qe8 30. Re1 Re6 31. Qd3 g6 32. Kf2 1/2-1/2

[Event "ch-Frankfurt A"]
[Site "Frankfurt"]
[Date "2023.05.15"]
[Round "3"]
[White "Vihan, Shourya"]
[Black "Lenhard, Martin"]
[Result "1/2-1/2"]
[WhiteElo "1907"]
[BlackElo "2060"]
[PlyCount "77"]
[EventDate "2023.04.24"]
[EventType "swiss"]
[EventCountry "GER"]

1. d4 Nf6 2. c4 e6 3. Nc3 Bb4 4. Qc2 Nc6 5. Nf3 d6 6. Bd2 e5 7. d5 Bxc3 8. Bxc3 Ne7 9. e4 O-O 10. b4 Ne8 11. Bd3 f5 12. exf5 Bxf5 13. Ng5 g6 14. h4 Ng7 15. Ne4 Kh8 16. O-O-O b5 17. f3 c6 18. dxc6 bxc4 19. Bxc4 Nxc6 20. Qd2 Bxe4 21. fxe4 Rc8 22. Ba6 Rc7 23. Kb1 Rf6 24. b5 Qb8 25. Ka1 Ne7 26. Bb4 Ne8 27. Rhf1 Rxf1 28. Rxf1 Qb6 29. Ba5 Qc5 30. Bxc7 Nxc7 31. Rc1 Qb6 32. Rd1 d5 33. exd5 Ncxd5 34. Qb2 Qe3 35. Qd2 Qa3 36. Qb2 Qe3 37. Bb7 Nc3 38. Rc1 Nxb5 39. Rd1 1/2-1/2

[Event "ch-Frankfurt A"]
[Site "Frankfurt"]
[Date "2023.05.15"]
[Round "3"]
[White "Vollbracht, Henrik"]
[Black "Pham Tran, Phuong Bao"]
[Result "1-0"]
[WhiteElo "1488"]
[BlackElo "1826"]
[PlyCount "57"]
[EventDate "2023.04.24"]
[EventType "swiss"]
[EventCountry "GER"]

1. d4 d5 2. Nc3 Bf5 3. Bf4 a6 4. e3 e6 5. f3 Bb4 6. Qd2 c5 7. dxc5 Nd7 8. g4 Bg6 9. h4 h5 10. g5 Ne7 11. Qd4 Bxc5 12. Qd2 b5 13. O-O-O Qa5 14. a3 Rc8 15. Bd3 Bxd3 16. Qxd3 b4 17. axb4 Bxb4 18. Nge2 Nf5 19. Kb1 Nc5 20. Qd2 Na4 21. Be5 d4 22. Bxd4 Nxd4 23. Qxd4 Rxc3 24. Qd7+ Kf8 25. Nxc3 Nxc3+ 26. bxc3 Be7 27. Qc8+ Bd8 28. Rxd8+ Ke7 29. Qd7# 1-0